书目信息 |
| 题名: |
观念的民主与实践的民主
|
|
| 作者: | 杨光斌 著 | |
| 分册: | ||
| 出版信息: | 北京 中国社会科学出版社 2015 |
|
| 页数: | 12,19,353页 | |
| 开本: | 24cm | |
| 丛书名: | 比较政治与中国社会科学话语体系研究书系 | |
| 单 册: | ||
| 中图分类: | D082 , D621 | |
| 科图分类: | ||
| 主题词: | 民主--min zhu--研究 , 社会主义民主--she hui zhu yi min zhu--关系--国家--行政管理--研究--中国 | |
| 电子资源: | ||
| ISBN: | 978-7-5161-6930-8 | |
| 000 | 01360nam0 22003011 450 | |
| 001 | 0124140212 | |
| 005 | 20170324140212.0 | |
| 010 | @a978-7-5161-6930-8@dCNY79.00 | |
| 100 | @a20160105d2015 em y0chiy50 ea | |
| 101 | 0 | @achi |
| 102 | @aCN@b110000 | |
| 105 | @ay z 000yy | |
| 106 | @ar | |
| 200 | 1 | @a观念的民主与实践的民主@9guan nian de min zhu yu shi jian de min zhu@e比较历史视野下的民主与国家治理@f杨光斌著 |
| 210 | @a北京@c中国社会科学出版社@d2015 | |
| 215 | @a12,19,353页@d24cm | |
| 225 | 2 | @a比较政治与中国社会科学话语体系研究书系@9bi jiao zheng zhi yu zhong guo she hui ke xue hua yu ti xi yan jiu shu xi@f杨光斌主编 |
| 300 | @a国家社科基金特别委托项目资助成果 | |
| 330 | @a本书分为三个部分,分别为超越自由民主、民主与比较国家治理、民主与中国国家治理,收录了《民主的社会主义之维》、《民主与世界政治冲突》、《早发达国家政治发展中的民主与次序》、《公民参与和当下中国的治道变革》等文章。 | |
| 461 | 0 | @12001 @a比较政治与中国社会科学话语体系研究书系 |
| 517 | 1 | @a比较历史视野下的民主与国家治理@9bi jiao li shi shi ye xia de min zhu yu guo jia zhi li |
| 606 | 0 | @a民主@9min zhu@x研究 |
| 606 | 0 | @a社会主义民主@9she hui zhu yi min zhu@x关系@x国家@x行政管理@x研究@y中国 |
| 690 | @aD082@v5 | |
| 690 | @aD621@v5 | |
| 701 | 0 | @a杨光斌@9yang guang bin@f(1963~)@4著 |
| 801 | 0 | @aCN@bTANGWEI@c20170308 |
| 905 | @b0962171-3@dD082@e33@f3 | |
| 观念的民主与实践的民主:比较历史视野下的民主与国家治理/杨光斌著.-北京:中国社会科学出版社,2015 |
| 12,19,353页;24cm.-(比较政治与中国社会科学话语体系研究书系/杨光斌主编) |
| 国家社科基金特别委托项目资助成果 |
| ISBN 978-7-5161-6930-8:CNY79.00 |
| 本书分为三个部分,分别为超越自由民主、民主与比较国家治理、民主与中国国家治理,收录了《民主的社会主义之维》、《民主与世界政治冲突》、《早发达国家政治发展中的民主与次序》、《公民参与和当下中国的治道变革》等文章。 |
| ● |
| 相关链接 |
|
|
|
|
正题名:观念的民主与实践的民主
索取号:D082/33
 
预约/预借
| 序号 | 登录号 | 条形码 | 馆藏地/架位号 | 状态 | 备注 |
| 1 | 0962171 | 209621710 | 第一样本阅览室/ [索取号:D082/33] | 在馆 | |
| 2 | 0962172 | 209621729 | 第一借阅区/ [索取号:D082/33] | 在馆 | |
| 3 | 0962173 | 209621738 | 第一借阅区/ [索取号:D082/33] | 在馆 |